| 000 | 00458nam a22001817a 4500 | ||
|---|---|---|---|
| 003 | MPLRDC | ||
| 005 | 20220104114330.0 | ||
| 008 | 210129b ||||| |||| 00| 0 eng d | ||
| 082 | _a857.623 ZY v.37 | ||
| 100 | _a张宇 | ||
| 245 |
_a迷离境界. 第三十七集: 歌伶 _c |
||
| 250 | _a初版 | ||
| 260 |
_a _b环球图书杂志出版社 _c1988 |
||
| 300 | _b平 | ||
| 490 | _a迷离境界. 37 | ||
| 650 | _a灵异小说 | ||
| 942 |
_cBK _o857.623 ZY v.37 |
||
| 999 |
_c6661 _d6651 |
||